000 00299nam a22001337a 4500
008 170623b xxu||||| |||| 00| 0 eng d
020 _a9780534175023
041 _aeng
080 _a343.9
100 _a15
101 _aSHJ
245 _aCRIME AND JUSTICE IN THE YEAR
_cKLOFAS,J
942 _2udc
_cBK
999 _c19013
_d19013